MARC

LEADER 00000nam0a2200000 4500
001 308776
005 20231102002127.0
035 |a (RuTPU)RU\TPU\book\334097 
090 |a 308776 
100 |a 20151106d1981 km y0rusy50 ca 
101 0 |a rus 
102 |a RU 
105 |a y z 000zy 
200 1 |a Современная наука и философия. Пути фундаментальных исследований и перспективы философии  |f Б. Г. Кузнецов 
210 |a Москва  |c Политиздат  |d 1981 
215 |a 183 с. 
225 1 |a Над чем работают, о чем спорят философы 
606 1 |a Философия  |2 stltpush  |3 (RuTPU)RU\TPU\subj\63880  |9 80812 
606 1 |a Наука  |x Философские проблемы  |x Методология  |x Логика  |2 stltpush  |3 (RuTPU)RU\TPU\subj\45081  |9 64343 
610 1 |a познание 
610 1 |a естественные науки 
610 1 |a теория относительности 
610 1 |a квантовая механика 
610 1 |a бытие 
610 1 |a время 
610 1 |a бесконечность 
610 1 |a логика 
610 1 |a научное мышление 
610 1 |a истина 
610 1 |a история 
686 |a Ю0/3  |v LBC/SL-A  |2 rubbk 
686 |a Ю25  |v LBC/SL-A  |2 rubbk 
700 1 |a Кузнецов  |b Б. Г.  |g Борис Григорьевич 
801 1 |a RU  |b 63413507  |c 20151106 
801 2 |a RU  |b 63413507  |c 20180927  |g RCR 
942 |c BK